00345nam a2200133Ia 4500008004100000020001500041082001100056100001400067245006300081250000800144260003700152300000800189650001400197221030s9999 xx 000 0 und d a8177588524 a105.23 aS. Haykin 0aNeural Networks - A Comprehensive Foundationcby S. Haykin a2nd bPearson EducationaDelhic2007 a823 aComputers